Vervollständige den Songtext ohne das Lied zu kennen - Statistiken

Allgemein
  • Dieses Quiz wurde 4.323 mal gespielt
  • Das Durchschnittsergebnis liegt bei 127 aus 361
Antwortstatistiken
Antwort % Korrekt
Ich
96%
ich
96%
´n
87%
sie
78%
bin
76%
das
76%
die
75%
Die
75%
der
72%
´ne
71%
ein
70%
und
70%
hab
64%
wie
62%
so
61%
den
60%
ist
58%
für
56%
will
56%
wo´s
54%
mein
53%
in
52%
geh
51%
habe
51%
nicht
51%
zu
51%
was
50%
all
48%
sein
48%
mir
47%
Mir
47%
im
46%
dir
45%
seh
43%
ja
42%
schön
42%
auf
41%
mich
39%
mit
39%
hau
38%
alles
37%
Alles
37%
Leben
37%
mach
37%
meine
37%
je
36%
wenn
36%
wenn´s
36%
nein
34%
oder
34%
Welt
34%
dann
33%
doch
33%
haben
33%
los
33%
nie
33%
klein
32%
Nur
32%
weil
32%
aus
30%
muss
30%
Eins
29%
Hier
29%
hier
29%
Mann
29%
neu
29%
lass
28%
noch
28%
als
27%
jetzt
27%
sehen
27%
viel
27%
des
26%
mehr
26%
auch
25%
ihn
24%
meinen
24%
gefällt
23%
gib
23%
´nem
23%
wieder
23%
zum
23%
hoch
22%
Hof
21%
sich
21%
Kopf
20%
altes
19%
Asche
19%
glänzt
19%
Koks
19%
oben
19%
Peter
19%
raus
19%
Studio
19%
verbrenn
19%
Bein
18%
Fox
18%
Goldfisch
18%
Hey
18%
hingeht
18%
Punkt
18%
schnupfe
18%
Toast
18%
Berg
17%
feinstes
17%
Fleisch
17%
ins
17%
labbriger
17%
neue
17%
schmeckt
17%
vergrab
17%
Brat
16%
Bude
16%
erschlag
16%
jag
16%
kocht
16%
Prachtsteak
16%
Sachen
16%
Update
16%
Wind
16%
Glück
15%
kaufe
15%
kommen
15%
Luft
15%
schöne
15%
schwer
15%
Abrissbirne
14%
alten
14%
bedeckt
14%
Berlin
14%
deutsche
14%
Dreck
14%
Staub
14%
Steig
14%
Teich
14%
vielleicht
14%
weht
14%
Axt
13%
beim
13%
fällt
13%
feiern
13%
frischer
13%
Hai
13%
Land
13%
Pläne
13%
reden
13%
Szene
13%
weißen
13%
Atmen
12%
Bagger
12%
baue
12%
besser
12%
Boxen
12%
jeden
12%
nackt
12%
nagelneue
12%
poliert
12%
retten
12%
Sack
12%
Sollt
12%
teure
12%
verrotten
12%
Zähne
12%
Baumaschinen
11%
Beißer
11%
drück
11%
gedoped
11%
Gewachst
11%
kiffen
11%
Klamotten
11%
Kräne
11%
Lügen
11%
Männer
11%
Reihe
11%
Satz
11%
Seele
11%
shoppen
11%
Sirene
11%
such
11%
wächst
11%
Walzen
11%
euphorisiert
10%
eure
10%
glotzen
10%
platzt
10%
satt
10%
Schach
10%
Schluss
10%
Stürze
10%
verändern
10%
Volkes
10%
Wände
10%
abshaken
9%
Bräute
9%
Faxen
9%
gewollt
9%
komplett
9%
Larifari
9%
Motte
9%
näher
9%
treffe
9%
Weltmeister
9%
Bässe
8%
Bereit
8%
Boxentürme
8%
durchtrainiert
8%
konkret
8%
mächtigen
8%
massieren
8%
renoviert
8%
verrückt
8%
Bye
7%
Kerngesund
7%
Knopf
7%
spielt
7%
verbraucht
7%
Banken
6%
Bono
6%
Lämmer
6%
Schafe
6%
Sender
6%
Zwing
6%
zitternde
5%
Keine übereinstimmenden Quizze gefunden
Verteilung der Resultate
Anzahl Personen mit jedem Resultat
Perzentil nach korrekt beantworteten Fragen
Ihre Resultats-Entwicklung
Sie haben dieses Quiz noch nicht gespielt